000 00602nam a22001937a 4500
003 OSt
005 20250709074221.0
008 250703b |||||||| |||| 00| 0 eng d
020 _a97897195654797
040 _aDWCL - Main lib
_cOC
082 _aFil. 659.1 M941f 2017
100 _aAlminar - Mutya , Ruby F.
245 _aFundamentals of advertising/
_cRuby F. Alminar-Mutya
260 _aManila :
_bUnlimited books,
_cc2017.
300 _aiv, 217 pages :
_billustrations ;
_c26 cm.
504 _aIncludes bibliographical references.
650 _a1.Advertising.
942 _2ddc
_cBK - FIL
_kFil.
_n0
999 _c3358
_d3358